Wetland and upland forest ecosystems in Peruvian Amazonia: plant species diversity in the light of some geological and botanical evidence (Registro nro. 9813)

Detalles MARC
000 -CABECERA
Campo de control 006330000a22001810004500
090 ## - CLASIFICACIÓN LOCAL
Colección AR
Consecutivo 00722
041 0# - IDIOMA
Código de idioma para texto/pista de sonido o título separado
100 1# - ASIENTO PRINCIPAL--NOMBRE PERSONAL
Nombre personal Dumont, Jean Francois
245 10 - MENCION DE TITULO
Título Wetland and upland forest ecosystems in Peruvian Amazonia: plant species diversity in the light of some geological and botanical evidence
650 14 - ASIENTO SECUNDARIO DE MATERIA - TERMINO TEMATICO
Término temático o nombre geográfico como elemento de entrada Botánica
650 14 - ASIENTO SECUNDARIO DE MATERIA - TERMINO TEMATICO
Término temático o nombre geográfico como elemento de entrada Disturbios naturales
650 14 - ASIENTO SECUNDARIO DE MATERIA - TERMINO TEMATICO
Término temático o nombre geográfico como elemento de entrada Diversidad vegetal
651 #4 - ASIENTO SECUNDARIO DE MATERIA - NOMBRE GEOGRAFICO
-- Amazonia, Perú
700 1# - ASIENTO SECUNDARIO - NOMBRE PERSONAL
Nombre personal Kahn, Francis
700 1# - ASIENTO SECUNDARIO - NOMBRE PERSONAL
Nombre personal Lamotte, Sandrine
773 1# - Item fuente:
Título Forest Ecology and Management
Especificación de materiales 114
Descripción física 33-34
Paginas del Articulo 125-139
Lugar, editorial y fecha de publicación 1990
942 ## - ELEMENTOS ADICIONALES (KOHA)
Tipo de ítem Artículo
Existencias
Withdrawn status Lost status Damaged status No para préstamo Colección Ubicación Permanente Ubicación actual Fecha de adquisición Fuente de Valor Datos de publicación Seriada Total Checkouts Número topográfico Inventario / Código de Barras Date last seen Ejemplar Price effective from Forma de adquisición Tipo de material
      No para Préstamo Hemeroteca Bogotá Bogotá 27/02/2015 Samper, Cristián Fuera de circulación   AR 00722 011039 25/03/2015 1 25/03/2015   Artículo